000 00289nam a22001337a 4500
008 190222b xxu||||| |||| 00| 0 eng d
020 _a9780072413878
041 _aeng
080 _a159.9
100 _a49
101 _aPSI
245 _aSocial Psychology
_cMyers, D.G
942 _2udc
_cBK
999 _c54131
_d54131